000 00529nam a22002057a 4500
003 OSt
005 20140310181804.0
008 130704t xxu||||| |||| 00| 0 eng d
020 _a1405456701
050 _aG 1021
_b.At881 2006
082 _aREF 912
_bAt6 2006
245 _aThe Atlas of the world
260 _aUnited Kingdom :
_bParagon Book,
_cc2006.
300 _a256 p. :
_bill. col. ;
_c25 cm.
520 _a1. Atlas
521 _aBasic Ed. Students
541 _j1
562 _e1
942 _2lcc
_cBK-GR
_kREF
999 _c3755
_d3755